000
00452nam a2200181Ia 4500
008
090124s9999 xx 000 0 und d
082
_b
37127
100
_a
कामतानाथ
245
_a
काल कथा 1
250
_a
1
260
_c
1998
300
_a
406
600
_a
कामतानाथ
630
_a
काल कथा 1
700
_a
कामतानाथ
730
_a
काल कथा 1
942
_c
BOOK
999
_c
103040
_d
103040